[Event "GER-chT U10"]
[Site "Magdeburg"]
[Date "2015.12.28"]
[Round "5.4"]
[White "Fiebig, Kai"]
[Black "Mueller, Luca"]
[Result "0-1"]
[WhiteElo "1005"]
[BlackElo "848"]
[PlyCount "60"]
[EventDate "2015.12.27"]
[EventType "team-swiss"]
[EventRounds "7"]
[EventCountry "GER"]
[SourceTitle "EXT 2017"]
[Source "ChessBase"]
[SourceDate "2016.10.25"]
[SourceVersion "1"]
[SourceVersionDate "2016.10.25"]
[SourceQuality "1"]
[WhiteTeam "Werther"]
[BlackTeam "Berlin Empor"]
[WhiteTeamCountry "GER"]
[BlackTeamCountry "GER"]

1. e4 e5 2. Nf3 Nc6 3. d4 exd4 4. Nxd4 Bc5 5. Nxc6 bxc6 6. Bc4 Nf6 7. Bg5 h6 8. Bxf6 Qxf6 9. 0-0 d6 10. Nd2 0-0 11. Nf3 Qg6 12. Bd3 Bh3 13. Nh4 Qg5 14. g3 Bxf1 15. Nf3 Qg4 16. Bxf1 Rfe8 17. Be2 Rxe4 18. Kf1 Rae8 19. Bd3 R4e7 20. Kg2 Bd4 21. h3 Qh5 22. c3 Bf6 23. Bb1 Re1 24. Qc2 R1e6 25. Nd4 Bxd4 26. cxd4 Qd5+ 27. f3 Re2+ 28. Qxe2 Rxe2+ 29. Kg1 Qxf3 30. Bd3 Qg2# 0-1